Presupuesto y control (Registro nro. 244)

Detalles MARC
000 -LEADER
fixed length control field 01421 a2200241 4500
001 - CONTROL NUMBER
control field 1975
005 - DATE AND TIME OF LATEST TRANSACTION
control field 20260407155422.0
008 - FIXED-LENGTH DATA ELEMENTS--GENERAL INFORMATION
fixed length control field 260407a1997 arg spa d
003 - CONTROL NUMBER IDENTIFIER
control field AR-UNSa-BCEJYS
040 ## - CATALOGING SOURCE
Original cataloging agency AR-UNSa-BCEJYS
Language of cataloging spa
Transcribing agency AR-UNSa-BCEJYS
080 ## - UNIVERSAL DECIMAL CLASSIFICATION NUMBER
Universal Decimal Classification number 336.14
Common auxiliary subdivision Presupuesto público. Presupuesto nacional
020 ## - INTERNATIONAL STANDARD BOOK NUMBER
International Standard Book Number 978-1-886938-28-1
100 1# - MAIN ENTRY--PERSONAL NAME
Personal name Petrei, Humberto A.
245 10 - TITLE STATEMENT
Title Presupuesto y control
Name of part/section of a work Pautas de reforma para América Latina
250 ## - EDITION STATEMENT
Edition statement 1a. ed
264 #1 - PRODUCTION, PUBLICATION, DISTRIBUTION, MANUFACTURE, AND COPYRIGHT NOTICE
Place of production, publication, distribution, manufacture Washington :
Name of producer, publisher, distributor, manufacturer Banco Interamericano de Desarrollo
Date of production, publication, distribution, manufacture, or copyright notice 1997
300 ## - PHYSICAL DESCRIPTION
Extent 476 p.
Dimensions 23 cm.
505 ## - FORMATTED CONTENTS NOTE
Formatted contents note 1. Discusión de las teorías centrales - 2. Estados Unidos de América - 3. Canadá - 4. Reino Unido - 5. Suecia - 6. Australia - 7. Nueva Zelanda - 8. España - 9. La experiencia de los países industrializados: recapitulación - 10. Argentina - 11. Brasil - 12. Chile - 13. Colombia - 14. México - 15. Venezuela - 16. La experiencia de los países latinoamericanos: resumen comparativo - 17. La integralidad del presupuesto - 18. El presupuesto y los fines de la política económica - 19. Las preferencias de los votantes y la transparencia presupuestaria - 20. Horizontes futuros, estrategias de reforma
590 ## - LOCAL NOTE (RLIN)
Local note niveau_biblio:m niveau_hierar:0
700 1# - ADDED ENTRY--PERSONAL NAME
Personal name Petrei, Romeo E.
856 41 - ELECTRONIC LOCATION AND ACCESS
Uniform Resource Identifier <a href="https://biblioeco.unsa.edu.ar/pmb/images/libros/Presupuesto y Control.jpg">https://biblioeco.unsa.edu.ar/pmb/images/libros/Presupuesto y Control.jpg</a>
Link text Imagen de portada
Electronic format type image/jpeg
942 ## - ADDED ENTRY ELEMENTS (KOHA)
Koha item type
Existencias
Withdrawn status Lost status Damaged status Not for loan Home library Current library Shelving location Date acquired Total checkouts Full call number Barcode Date last seen Price effective from Koha item type
        Biblioteca Prof. Eusebio Cleto del Rey Biblioteca Prof. Eusebio Cleto del Rey   07/04/2026   336.14 P493 L86468 07/04/2026 07/04/2026 Libro
        Biblioteca Prof. Eusebio Cleto del Rey Biblioteca Prof. Eusebio Cleto del Rey   07/04/2026   P336.14 P493 L119525 07/04/2026 07/04/2026 Libro
        Biblioteca Prof. Eusebio Cleto del Rey Biblioteca Prof. Eusebio Cleto del Rey   07/04/2026   336.14 P493 L128799 07/04/2026 07/04/2026 Libro